History of India and of the frontier states of Afghanistan, Nepal and Burma (Record no. 8380)

MARC details
000 -LEADER
fixed length control field 00703 a2200217 4500
003 - CONTROL NUMBER IDENTIFIER
control field GBCCL
005 - DATE AND TIME OF LATEST TRANSACTION
control field 20241126110649.0
008 - FIXED-LENGTH DATA ELEMENTS--GENERAL INFORMATION
fixed length control field 200224b ||||| |||| 00| 0 eng d
020 ## - INTERNATIONAL STANDARD BOOK NUMBER
International Standard Book Number 9788172682354
040 ## - CATALOGING SOURCE
Transcribing agency gbc
082 ## - DEWEY DECIMAL CLASSIFICATION NUMBER
Classification number 954
Item number WHE
100 ## - MAIN ENTRY--PERSONAL NAME
Personal name Wheeler, James Talboys
9 (RLIN) 14655
245 ## - TITLE STATEMENT
Title History of India and of the frontier states of Afghanistan, Nepal and Burma
260 ## - PUBLICATION, DISTRIBUTION, ETC.
Place of publication, distribution, etc. New Delhi :
Name of publisher, distributor, etc. Logos Press,
Date of publication, distribution, etc. 2013.
300 ## - PHYSICAL DESCRIPTION
Extent 2 volumes (xiii, 744 pages) : color maps ([1] folded) ; 23 cm
505 ## - FORMATTED CONTENTS NOTE
Formatted contents note Reprint. originally published: 1899
650 ## - SUBJECT ADDED ENTRY--TOPICAL TERM
Topical term or geographic name entry element India -- History.
9 (RLIN) 14656
650 ## - SUBJECT ADDED ENTRY--TOPICAL TERM
Topical term or geographic name entry element Afghanistan -- History.
9 (RLIN) 14657
650 ## - SUBJECT ADDED ENTRY--TOPICAL TERM
Topical term or geographic name entry element Nepal -- History.
9 (RLIN) 14658
942 ## - ADDED ENTRY ELEMENTS (KOHA)
Source of classification or shelving scheme Dewey Decimal Classification
Koha item type Books
Holdings
Withdrawn status Lost status Source of classification or shelving scheme Damaged status Not for loan Home library Current Library Shelving location Date acquired Source of acquisition Cost, normal purchase price Total checkouts Full call number Barcode Date last seen Copy number Cost, replacement price Price effective from Koha item type
    Dewey Decimal Classification     GRACE BIBLE COLLEGE GRACE BIBLE COLLEGE General Studies 2020-02-24 10 937.50   954 WHE 013844 2025-05-01 v.1 1250.00 2020-02-24 Books
    Dewey Decimal Classification     GRACE BIBLE COLLEGE GRACE BIBLE COLLEGE General Studies 2020-02-24 10 937.50   954 WHE 013845 2025-05-01 v.2 1250.00 2020-02-24 Books
© Grace Bible College Library 2025